000 00797cab a2200253 4500
001 ABS57758
008 090401t1997 xxu||||| |||| 00| 0 eng d
035 _a(Sirsi) u81842
041 _aeng
100 _aMason, P.
245 _aTake cover
260 _c1997
350 _a0
490 _aEstates Gazette
_v(9742) 18 October 1997, 164-166(3)
520 _aAn in-depth look at commercial property insurance. Explains what to look for and have covered in insurance contracts in order to save money and be protected.
650 _aPROPERTY-COMMERCIAL PROPERTY
650 _aInsurance
_96249
650 _aLEGAL LIABILITY
650 _aOBLIGATIONS
650 _aBUILT ENVIRONMENT-BUILDING COSTS-REINSTATEMENT COSTS
690 _aInsurance
_96249
942 _n0
948 _c31/10/1997
999 _c51608
_d51608